| 000 | 01231nam a2200349 c 4500 | ||
|---|---|---|---|
| 999 |
_c327942 _d327942 |
||
| 003 | BLK | ||
| 005 | 20250718114549.0 | ||
| 008 | 180411b bul|||||r ||||||| ||bul|| | ||
| 010 | _aKNG00185643000 | ||
| 020 | _a978-954-389-495-6 | ||
| 040 | _aBLK | ||
| 041 |
_aBUL _cBUL |
||
| 072 | 7 |
_2bullib _aН8300 _xРомантична проза Н |
|
| 080 |
_aАмериканска литература (на САЩ) _b821.111(73) _x-31 _z821.111(73)-31 |
||
| 100 | 1 |
_aСпаркс, Никълъс _eпърви автор _9366848 |
|
| 139 |
_aСпаркс, Никълъс _bС 55 |
||
| 245 | 1 | 0 |
_aВсеки мой дъх _bРоман _cНикълъс Спаркс; прев. от англ. Красимира Абаджиева |
| 257 | _aUSA | ||
| 260 |
_bЕра _c2018 _fСофия : Експертпринт _aСофия |
||
| 300 |
_a224 с. _c20 см |
||
| 380 | _aX | ||
| 653 | _aромани | ||
| 659 | _aН | ||
| 700 |
_aАбаджиева, Красимира Светославова _9245496 |
||
| 852 |
_bП _cП 820(73)-31/С 55 _aЦб 295283 |
||
| 856 | 4 | _qpdf | |
| 856 | 4 | _qpdf | |
| 942 |
_cKNG _n0 _0149 |
||
| 999 | _d327942 | ||
| 999 | _d177007 | ||
| 944 |
_k30530 _lМинев Младен |
||